000 01243nam a22003617a 4500
001 000106698
003 CHAP
005 20220817044523.0
008 120514s1991 mx r 00010 spa d
010 _a103160
011 _a104132
035 _a114821
040 _cCHAP
082 0 4 _a581.9721
_bG58
100 0 0 _aGonzález Elizondo, Martha.
_948871
245 1 0 _aListado florísticos de México Flora de Durango /
_c/por Martha Gonzalez Elizondo, Socorro Gonzalez Elizondo y Yolanda Herreria Arrieta.
260 _aMéxico :
_bUNAM,
_c1991.
300 _av.
500 _aLa biblioteca tiene : v.9 Flora de Durango
590 _aBATCH-UPD
_b10
_c20130110
_lUCH01
_h1334
590 _aBATCH-UPD
_b10
_c20130410
_lUCH01
_h0531
590 _aBATCH-UPD
_b10
_c20130914
_lUCH01
_h0739
590 _aCONVERSION
_b10
_c20130109
_lUCH01
_h1357
590 _aE11695DGD
_b10
_c20160726
_lUCH01
_h1139
650 1 4 _aBotánica
_xDurango.
_914532
700 1 _aGonzalez Elizondo, Socorro
_948641
700 1 _aHerrera Arrieta, Yolanda
_954825
710 0 _aUniversidad Nacional Autónoma de México.
901 _aBK
942 _cLIBRO
942 _n0
949 _a581.9721 G58
_bBC
_cLIBRO
_d33724002329082
_eLIBRO
_fv.9
_gFotocopia
_h116628
_i114821
_sb
999 _c103160
_d103160